Combinatorial mathematics, optimal designs and their applications

Furkejuvvon:
Bibliográfalaš dieđut
Váldodahkki: Srivastava, J (Dahkki)
Materiálatiipa: Girji
Giella:eaŋgalasgiella
Almmustuhtton: Amsterdam North-Holland 1980
Ráidu:Annals of Discrete Mathematics, 6
Fáttát:
Fáddágilkorat: Lasit fáddágilkoriid
Eai fáddágilkorat, Lasit vuosttaš fáddágilkora!

MARC

LEADER 00000nam a2200000 a 4500
001 UCP1609
003 CL-VaPUC
008 990416e19800000NE |||||||||||||||||eng|d
082 0 4 |a 511.6  |b SRI  |2 21 
100 0 |a Srivastava, J  |e author  |9 427752 
245 1 0 |a Combinatorial mathematics, optimal designs and their applications 
300 |a 391 p 
942 |c BK 
945 |d 19990416 00:00:00  |a crobeson 
260 |a Amsterdam  |b North-Holland  |c 1980 
650 0 |a Análisis combinatorio   |9 269849 
650 0 |a Topología combinatoria   |9 265922 
650 0 |a Teoría de grafos  |9 269886 
583 |a last modification  |c 19990416 00:00:00  |k Rodrigo Vera 
490 0 |a Annals of Discrete Mathematics, 6 
999 |c 280276  |d 280274